| 000 | 01511nam a2200457 a 4500 | ||
|---|---|---|---|
| 001 | 000035929 | ||
| 003 | 000035929 | ||
| 005 | 20180319104119.0 | ||
| 008 | 111116s2010 dr 001 0 spa d | ||
| 020 | _a9789945003093 | ||
| 040 |
_aBPMSU _bspa _cBPMSU |
||
| 049 | _aBNPD | ||
| 092 |
_a332.75 _bA282b, 2'010 |
||
| 100 | 1 |
_aAguasvivas, Freddy, _d1956- |
|
| 245 | 1 | 3 |
_aEl banquero del presidente / _cFreddy Aguasvivas. |
| 250 | _a3a. ed. | ||
| 260 |
_aSanto Domingo : _bMediabyte, _c2010. |
||
| 300 |
_a582 p. : _c22 cm. |
||
| 500 | _aÍndice onomástico. | ||
| 500 | _aIncluye datos biográficos del autor en las solapas de la cubierta. | ||
| 504 | _aIncluye bibliografía y notas al pie de páginas. | ||
| 600 | 1 | 4 |
_aCASTILLO LEFELD, PEDRO ERWIND MARTÍN _cPERUCHO |
| 650 | 4 |
_aREPÚBLICA DOMINICANA _xCONDICIONES ECONÓMICAS |
|
| 650 | 4 | _aCRISIS BANCARIA | |
| 650 | 4 | _aFRAUDE BANCARIO | |
| 650 | 4 |
_aBANCOS _xPRÁCTICAS CORRUPTAS |
|
| 651 | 4 |
_aREPÚBLICA DOMINICANA _xPOLÍTICA FINANCIERA |
|
| 910 | _aValidado. Control de calidad EMS | ||
| 930 | 1 |
_l _m _h _8 _f _p _g |
|
| 930 | 1 |
_l _m _h _8 _f _p _g _he. 1 |
|
| 942 |
_2ddc _cBK |
||
| 945 | _aRemanejado para la BNPHU / 2018 BT | ||
| 956 |
_a _b _c _l _h |
||
| 956 |
_a _b _c _l _h |
||
| 956 |
_a _b _c _l _h |
||
| 956 |
_aEMARRERO _b40 _c20130922 _lBND01 _h2149 |
||
| 956 |
_a _b _c _l _h |
||
| 956 |
_aEMARRERO _b40 _c20130922 _lBND01 _h2157 |
||
| 956 |
_a _b _c _l _h |
||
| 956 |
_a VMATEO _b 10 _c 20150508 _lBPMSU _h 0069 |
||
| 999 |
_c7151 _d7151 |
||